|
|
|
|
| LEADER |
01985nam a2200541 i 4500 |
| 001 |
nkc20152756918 |
| 003 |
CZ PrNK |
| 005 |
20170621133553.0 |
| 007 |
ta |
| 008 |
151204s2015 xr a e p 000 0 cze |
| 015 |
|
|
|a cnb002756918
|
| 020 |
|
|
|a 978-80-213-2604-0
|q (brožováno)
|
| 035 |
|
|
|a (OCoLC)993649719
|
| 040 |
|
|
|a BOA001
|b cze
|e rda
|
| 072 |
|
7 |
|a 674
|x Dřevo. Dřevařský průmysl
|2 Konspekt
|9 19
|
| 072 |
|
7 |
|a 37.016
|x Učební osnovy. Vyučovací předměty. Učebnice
|2 Konspekt
|9 22
|
| 080 |
|
|
|a 630.81
|2 MRF
|
| 080 |
|
|
|a 621.9
|2 MRF
|
| 080 |
|
|
|a 674.02
|2 MRF
|
| 080 |
|
|
|a (075.8)
|2 MRF
|
| 100 |
1 |
|
|a Sarvašová Kvietková, Monika,
|d 1984-
|7 mzk2013792525
|4 aut
|
| 245 |
1 |
0 |
|a Obrábění dřeva /
|c Monika Kvietková
|
| 250 |
|
|
|a Vydání první
|
| 264 |
|
1 |
|a V Praze :
|b Česká zemědělská univerzita, Fakulta lesnická a dřevařská,
|c 2015
|
| 300 |
|
|
|a 295 stran :
|b ilustrace ;
|c 25 cm
|
| 336 |
|
|
|a text
|b txt
|2 rdacontent
|
| 337 |
|
|
|a bez média
|b n
|2 rdamedia
|
| 338 |
|
|
|a svazek
|b nc
|2 rdacarrier
|
| 490 |
1 |
|
|a Vysokoškolská učebnice
|
| 500 |
|
|
|a 300 výtisků
|
| 504 |
|
|
|a Obsahuje bibliografii
|
| 521 |
8 |
|
|a Určeno pro posluchače FLD
|
| 650 |
0 |
7 |
|a dřevo
|7 ph114403
|2 czenas
|
| 650 |
0 |
7 |
|a obrábění
|7 ph123613
|2 czenas
|
| 650 |
0 |
7 |
|a zpracování dřeva
|7 ph135488
|2 czenas
|
| 650 |
0 |
9 |
|a wood
|2 eczenas
|
| 650 |
0 |
9 |
|a machining
|2 eczenas
|
| 650 |
0 |
9 |
|a wood processing
|2 eczenas
|
| 655 |
|
7 |
|a učebnice vysokých škol
|7 fd133772
|2 czenas
|
| 655 |
|
9 |
|a textbooks (higher)
|2 eczenas
|
| 710 |
2 |
|
|a Česká zemědělská univerzita v Praze.
|b Lesnická a dřevařská fakulta
|7 ko2007416980
|4 isb
|
| 810 |
2 |
|
|a Česká zemědělská univerzita v Praze.
|t Vysokoškolská učebnice
|0 s
|
| 910 |
2 |
|
|a BOA001
|b 2-1389.366
|
| 928 |
9 |
|
|a Česká zemědělská univerzita v Praze
|
| 990 |
|
|
|a BK
|
| 995 |
|
|
|a 01
|
| 991 |
|
|
|b 201706
|c NOV
|
| 996 |
6 |
|
|b 2610710273
|c 2-1389.366
|l MZK
|r Sklad / do 1 hodiny
|n 4
|p p.v.
|w 001615369
|u 000010
|a 1
|e BOA001
|j MZK50
|s P
|